000 00442nam a22001697a 4500
005 20260226102802.0
008 260226b |||||||| |||| 00| 0 eng d
020 _a978-0-099-54088-5
050 _aPR 6013 .G76 2010
_b1
100 _aGROSSMITH WEEDON
245 _aTHE DAIRY OF A NOBODY
260 _aGREAT BRITAIN
_bVINTAGE
_c2010
300 _a171P
650 _aTHE DAIRY OF A NOBODY
700 _aGROSSMITH WEEDON
942 _2lcc
_cBK
999 _c216692
_d216692